00630nam a2200205Ia 450000500170000000800410001704000190005804100120007708200160008910000270010524500420013226000520017430000150022650400190024165000280026085000100028894200070029899900160030595201030032120221125110711.0131103s9999 xx 000 0 und d aLoreto College aEnglish a954.01bUPA aUpadhyaya,Ganga Prasad aVedic CulturecGanga Prasad Upadhyaya aDelhibSarvadeshika Arya Pratinidhi Sashac1949 aii,216 p.  aIncludes index aHistory - Ancient India aLCLIB cBK c9373d59852 00102ddc4070aMAINbMAINd2013-11-04l0o954.01 UPA 19026pB9250r2013-11-04w2013-11-04yBKf